|
|
|
|
| LEADER |
00000nam a2200000 a 4500 |
| 001 |
vtls009518563 |
| 003 |
SK-MaSNL |
| 005 |
20260301171309.0 |
| 008 |
240313s2008 xr a f 001 0 cze |
| 020 |
|
|
|a 9788073451387
|q (viaz.)
|
| 040 |
|
|
|a SNK
|b slo
|c SNK
|e AACR2
|
| 041 |
0 |
|
|a cze
|
| 044 |
|
|
|a xr
|c CZ
|
| 072 |
|
7 |
|a 618
|x Gynekológia. Pôrodníctvo
|2 konspekt
|
| 080 |
|
|
|a 618.1
|2 2001
|
| 080 |
|
|
|a (048.8)
|2 2001
|
| 100 |
1 |
|
|a Kolařík, Dušan
|4 aut
|9 538755
|
| 245 |
1 |
0 |
|a Repetitorium gynekologie
|c Dušan Kolařík, Michael Halaška, Jaroslav Feyereisl
|
| 260 |
|
|
|a Praha
|b Maxdorf
|c 2008
|
| 300 |
|
|
|a 1030 s.
|b ilustr. (prevažne fareb.)
|c 24 cm
|
| 490 |
1 |
|
|a Jessenius
|
| 500 |
|
|
|a Na obale: "pro každodenní praxi"
|
| 504 |
|
|
|a Obsahuje bibliogr., bibliografické odkazy a reg.
|
| 650 |
0 |
7 |
|a gynekológia
|2 SNKPH
|9 2474
|
| 650 |
0 |
7 |
|a Gynecology
|2 SNKPHeng
|9 268159
|
| 655 |
|
7 |
|a monografie
|2 SNKPH
|9 70139
|
| 655 |
|
7 |
|a Monographs
|2 SNKPHeng
|9 120675
|
| 700 |
1 |
|
|a Halaška, Michael,
|d 1947-
|4 aut
|9 538756
|
| 700 |
1 |
|
|a Feyereisl, Jaroslav,
|d 1954-
|4 aut
|9 538757
|
| 830 |
|
0 |
|a Jessenius (Maxdorf)
|9 355410
|
| 919 |
|
|
|a 978-80-7345-138-7
|
| 999 |
|
|
|c 830402
|d 832332
|
| 952 |
|
|
|a SNK
|b SNK
|y VYP
|7 0
|p 17A0623769
|o snkIC 137781
|i snk2009/12139
|8 4
|g 55.27
|3 Poškodený chrbát väzby
|0 0
|1 0
|4 0
|d 2009-05-29
|l 0
|r 2026-02-24 03:36:03
|w 2026-02-24
|